LEADER 01379nam0 2200325 450 001 000045326 005 20181010120554.0 100 $a20181003d1942----km-y0itaa50------ba 101 0 $aita 102 $aIT 200 1 $a<> parassiti animali dell'orto$fEttore Malenotti 210 $aRoma$cRamo editoriale degli agricoltori$d1942 215 $a111 p.$cill.$d21 cm 225 2 $aBiblioteca per l'insegnamento agrario professionale 300 $aL. 5 316 $aLegato con altri volumi 316 $aSul dorso del volume rilegato: Biblioteca per l'insegnamento agrario 410 0$12001$aBiblioteca per l'insegnamento agrario professionale 606 1 $aOrtaggi$xParassiti 676 $a635.049$v(22. ed.)$9Orticoltura. Danni, malattie, infestazioni 676 $a632.7$v(22. ed.)$9Danni, infestazioni, malattie delle piante. Insetti nocivi 700 1$aMalenotti,$bEttore$069501 801 0$aIT$bUniversità della Basilicata - B.I.A.$gREICAT$2unimarc 912 $a000045326 996 $aParassiti animali dell'orto$9393248 997 $aUNIBAS CAT $aSTD119$b01$c20181003$lBAS01$h1550 CAT $aTTM$b30$c20181010$lBAS01$h1205 FMT Z30 -1$lBAS01$LBAS01$mBOOK$1BASA2$APolo Tecnico-Scientifico$2FVIG$BFondo Viggiani$3FVig/43578$643578H8$5T43578H8$7Collocato presso la Scuola di Agraria$820181003$f35$FStanza riservata$hRilegato con altri volumi LEADER 01442oam 2200337z- 450 001 9910162746803321 005 20170924175805.0 010 $a0-573-30000-3 035 $a(CKB)3710000000856111 035 $a(BIP)050135246 035 $a(VLeBooks)9780573300004 035 $a(Exl-AI)993710000000856111 035 $a(EXLCZ)993710000000856111 100 $a20161219c2014uuuu -u- - 101 0 $aeng 200 $aArthur and Esther: a play for two soloists 210 $aLondon$cSamuel French 215 $a1 online resource (38 p.) 225 $aA Samuel French acting edition 311 08$a0-573-11461-7 330 8 $a"In the wake of public spending cuts, Arthur wrestles with the methods set out in Montgomery Swank's '28 ways to terminate your existence and questions you may have, ' the one book he has salvaged from the closure of his beloved library. In the wake of her own death, his wife Esther reconciles the ghosts of the past with a hope for the future. A play of two worlds. This elemental and affecting two-hander explores love, its loss, and the lives we inherit and impose on others"--Back cove 606 $aGrief$7Generated by AI 606 $aBereavement$7Generated by AI 615 0$aGrief 615 0$aBereavement 676 $a822.92 700 $aHoward$b Ross$01374998 906 $aBOOK 912 $a9910162746803321 996 $aArthur and Esther: a play for two soloists$94178969 997 $aUNINA